00922nam a2200241 i 4500001000700000003000700007005001700014008004100031020002200072080001400094245014400108260005300252300003400305490001800339500001400357504003400371650003100405650003200436700003200468700003600500830006800536852007600604189206SpMaBN20250827075450.0190424s2017 mx d |||| |dspa d a978-84-9143-820-5 a316.454.700aMecanismos de participación ciudadana b: una experiencia global /ccoordinadores, Gerardo Romero Altamirano, Gema N. Morales Martínez. aCiudad de México : bTirant Lo Blanch, c2017. a429 p. : bgráf. ; c22 cm.1 aMonografías aÍndice. aReferencias bibliográficas.07aParticipación ciudadana.04aParticipación política.1 aRomero Altamirano, Gerardo.1 aMorales Martínez, Gema Nayeli00aMonografías (Centro de Estudios Benaventanos "Ledo del Pozo") aES-MaACLjA-14494bR.151913cDEPO1dOlim: N-7494hDonación: Editorial